|
|
|
|
| LEADER |
00000cam a2200000 7i4500 |
| 001 |
0000000986 |
| 005 |
20140321.0 |
| 020 |
0 |
0 |
|a 9250004508
|
| 090 |
0 |
0 |
|a FAO634.9
|b WOR 1977
|
| 245 |
0 |
0 |
|a WORLD list of forestry schools .
|l Listemondiale des ecoles forestieres .
|l Lista mundial de escuelas forestales
|c Forestry Department
|
| 260 |
0 |
0 |
|a Rome :
|b Food and Agriculture Organization of the United Nations ,
|c 1977
|
| 300 |
|
|
|a vii, 88 p. ;
|c 28 cm.
|
| 440 |
0 |
0 |
|a FAO forestry paper ; 3
|
| 650 |
0 |
0 |
|a Forestry schools and education
|x Directories
|
| 710 |
1 |
1 |
|a Food and Agriculture Organization of the United Nations (FAO)
|
| 998 |
|
|
|a JPSM
|
| 999 |
|
|
|a 0000002139
|b Monograph
|c Food and Agriculture Organization
|e Default branch
|
| 999 |
|
|
|a 0000002161
|b Monograph
|c Food and Agriculture Organization
|e Default branch
|